| 000 | 01629nam a22001577a 4500 | ||
|---|---|---|---|
| 041 | _aukr | ||
| 080 | _a09 | ||
| 090 | _bКУЛ | ||
| 100 | _aКулина, А. В. | ||
| 245 | _aВербальні особливості комунікації в соціальних мережах | ||
| 260 |
_aОстрог _bКАФ _c2014 |
||
| 300 | _a47 | ||
| 520 | _aВступ. Розділ І. Теоретичний аспект поняття вербальних комунікацій. 1.1. Поняття вербальних комунікацій 1.2. Види та форми вербальних комунікацій 1.3. Особливості використання вербальних комунікацій Розділ ІІ. Соціальні мережі як засіб комунікацій. 2.1. Характеристика соціальних мереж 2.2. Функції соціальних мереж 2.3. Особливості спікування у соціальних мережах Розділ ІІІ. Вербальні особливості комунікації у соціальних мережах. 3.1. Соціальні аспекти комунікації в мережі Інтернет 3.2. Вплив соціальних мереж на особистість 3.3. Вербальний аспект культурної безпеки молоді в соціальних мережах. 3.4. Емпіричне дослідження Висновки. Список використаної літератури. Додатки. | ||
| 650 | _aResearch Papers | ||
| 999 |
_c285440 _d285440 |
||
| 942 | _cBK | ||